Principles of Sequence Stratigraphy / (Record no. 5700)

MARC details
000 -LEADER
fixed length control field 00969nac a22002651i 4500
003 - CONTROL NUMBER IDENTIFIER
control field EG-ScBUE
005 - DATE AND TIME OF LATEST TRANSACTION
control field 20260121092924.0
008 - FIXED-LENGTH DATA ELEMENTS--GENERAL INFORMATION
fixed length control field 091223r20072006ne a f b 00010 eengdd
020 ## - INTERNATIONAL STANDARD BOOK NUMBER
International Standard Book Number 9780444515681 (acid-free paper)
040 ## - CATALOGING SOURCE
Original cataloging agency EG-ScBUE
Language of cataloging eng
Description conventions rda
Transcribing agency EG-ScBUE
Modifying agency EG-ScBUE
082 04 - DEWEY DECIMAL CLASSIFICATION NUMBER
Classification number 551.7
Item number CAT
Edition number 22
100 1# - MAIN ENTRY--PERSONAL NAME
Personal name Catuneanu, Octavian,
Relator term author.
9 (RLIN) 10114
245 10 - TITLE STATEMENT
Title Principles of Sequence Stratigraphy /
Statement of responsibility, etc Octavian Catuneanu.
250 ## - EDITION STATEMENT
Edition statement Reprinted edition.
264 #1 - PUBLICATION, DISTRIBUTION, ETC. (IMPRINT)
Place of publication, distribution, etc Amsterdam :
Name of publisher, distributor, etc Elsevier,
Date of publication, distribution, etc 2007.
300 ## - PHYSICAL DESCRIPTION
Extent ix, 375 pages :
Other physical details illustrations (some color) ;
Dimensions 29 cm
336 ## - CONTENT TYPE
Source rdacontent
Content type term text
Content type code txt
337 ## - MEDIA TYPE
Media type term unmediated
Source rdamedia
Media type code n
338 ## - CARRIER TYPE
Carrier type term volume
Carrier type code nc
Source rdacarrier
504 ## - BIBLIOGRAPHY, ETC. NOTE
Bibliography, etc Includes bibliographical references and index.<br/>
650 #7 - SUBJECT ADDED ENTRY--TOPICAL TERM
Topical term or geographic name as entry element Sequence stratigraphy.
Source of heading or term BUEsh
9 (RLIN) 10116
655 ## - INDEX TERM--GENRE/FORM
Form subdivision Reading book
856 42 - ELECTRONIC LOCATION AND ACCESS
Materials specified Publisher description
Uniform Resource Identifier <a href="http://www.loc.gov/catdir/enhancements/fy0629/2006042525-d.html">http://www.loc.gov/catdir/enhancements/fy0629/2006042525-d.html</a>
942 ## - ADDED ENTRY ELEMENTS (KOHA)
Koha item type Book - Borrowing
Source of classification or shelving scheme Dewey Decimal Classification
Holdings
Withdrawn status Lost status Source of classification or shelving scheme Damaged status Not for loan Collection code Home library Current library Shelving location Date acquired Source of acquisition Total Checkouts Total Renewals Full call number Barcode Date last seen Date checked out Price effective from Koha item type
    Dewey Decimal Classification     Baccah Central Library Central Library First floor 04/11/2007 Purchase 2 1 551.7 CAT 000007402 15/07/2025 25/03/2019 04/11/2007 Book - Borrowing